书目信息 |
| 题名: |
中国人民政治协商会议第五届全国委员会第一次会议文件
|
|
| 作者: | ||
| 分册: | ||
| 出版信息: | 北京 人民出版社 1978 |
|
| 页数: | 73页 | |
| 开本: | 21cm | |
| 丛书名: | ||
| 单 册: | ||
| 中图分类: | D622 | |
| 科图分类: | ||
| 主题词: | ||
| 电子资源: | ||
| ISBN: | ||
| 000 | 00665nam0 2200217 45 | |
| 001 | 0179002843 | |
| 005 | 20060909170555.43 | |
| 010 | @dCNY0.16 | |
| 091 | @aCN@b3001.1718 | |
| 100 | @a19950713d1978 emky0chiy0121 ea | |
| 101 | 0 | @achi |
| 102 | @aCN@b110000 | |
| 105 | @ay z 100yy | |
| 200 | 10 | @a中国人民政治协商会议第五届全国委员会第一次会议文件@Azhong guo ren min zheng zhi xie shang hui yi di wu jie quan guo wei yuan hui di yi ci hui yi wen jian |
| 210 | @a北京@c人民出版社@d1978 | |
| 215 | @a73页@d21cm | |
| 601 | 12 | @a中国人民政治协商会议,第五届@x文件 |
| 610 | 0 | @a政协 |
| 690 | @aD622@v3 | |
| 801 | 0 | @aCN@bTSSF@c20060909 |
| 905 | @a10447@dD622@e3:5(1) | |
| 中国人民政治协商会议第五届全国委员会第一次会议文件.-北京:人民出版社,1978 |
| 73页;21cm |
| ISBN :CNY0.16 |
| ● |
| 相关链接 |
|
|
|
|
正题名:中国人民政治协商会议第五届全国委员会第一次会议文件
索取号:D622/3:5(1)
 
预约/预借
| 序号 | 登录号 | 条形码 | 馆藏地/架位号 | 状态 | 备注 |
| 1 | 0471825 | 204718252 | 密集书库/ [索取号:D622/3:5(1)] | 在馆 | |
| 2 | 0471826 | 204718261 | 密集书库/ [索取号:D622/3:5(1)] | 在馆 |